LEADER 00981nam0-22003371i-450- 001 990003821120403321 010 $a0-521-80510-4 035 $a000382112 035 $aFED01000382112 035 $a(Aleph)000382112FED01 035 $a000382112 100 $a20020311d2001----km-y0itay50------ba 101 0 $aeng 102 $aGB 105 $a--------001cy 200 1 $a<>politics of misinformation$fMurray Edelman 210 $aCambridge$cCambridge University Press$dc2001 215 $axii, 139 p.$d23 cm 225 1 $aCommunication, society and politics 320 $aContiene bibl. 610 0 $aPOLITICA$aComunicazione 610 0 $aCOMUNICAZIONE$aAspetti politici 676 $a320.014$v21$zita 700 1$aEdelman,$bMurray Jacob$f<1919-2001>$0143874 801 0$aIT$bUNINA$gRICA$2UNIMARC 901 $aBK 912 $a990003821120403321 952 $a320.014 EDE 1$b8095 959 $aBFS 996 $aPolitics of misinformation$9505876 997 $aUNINA LEADER 00990nam0-22003011i-450- 001 990001645560403321 005 20050419143351.0 035 $a000164556 035 $aFED01000164556 035 $a(Aleph)000164556FED01 035 $a000164556 100 $a20030910d1912----km-y0itay50------ba 101 0 $afre 200 1 $aRapport sur Phytalus Smithi (Arrow) et autres scarabees s'attaquant a la canne a sucre a Maurice$fD. d'Emmerez de Charmoy 210 $aPort-Louis$cGovernment Printing Office$d1912 215 $a34 p., 9 tav.$d29 cm 610 0 $aParassitologia vegetale 610 0 $aCanna da zucchero 676 $a581.23 676 $a633.61 700 1$aEmmerez De Charmoy,$bD. d'$070759 801 0$aIT$bUNINA$gRICA$2UNIMARC 901 $aBK 912 $a990001645560403321 952 $a60 581.23 A 1$b23572$fFAGBC 959 $aFAGBC 996 $aRapport sur Phytalus Smithi (Arrow) et autres scarabees s'attaquant a la canne a sucre a Maurice$9372090 997 $aUNINA